[Event "Yalta Yialos Rapid op"]
[Site "Yalta"]
[Date "2023.08.25"]
[Round "4"]
[White "Tomilova, Elena"]
[Black "Islamov, Kamil"]
[Result "1/2-1/2"]
[WhiteElo "2209"]
[BlackElo "1704"]
[PlyCount "103"]
[EventDate "2023.08.25"]
[EventType "swiss (rapid)"]
[EventRounds "11"]
[EventCountry "UKR"]
[SourceTitle "EXT 2024"]
[Source "ChessBase"]
[SourceDate "2023.10.10"]
[SourceVersion "1"]
[SourceVersionDate "2023.10.10"]
[SourceQuality "1"]

1. d4 Nf6 2. Nf3 g6 3. c4 Bg7 4. e3 0-0 5. Be2 d5 6. cxd5 Nxd5 7. e4 Nb6 8. 0-0 Bg4 9. Nbd2 Nc6 10. d5 Na5 11. h3 Bxf3 12. Nxf3 c6 13. dxc6 Nxc6 14. Qb3 Nd4 15. Nxd4 Qxd4 16. Rd1 Qxe4 17. Bf3 Qc4 18. Bxb7 Rad8 19. Bg5 Rxd1+ 20. Rxd1 e6 21. Qxc4 Nxc4 22. b3 Nb6 23. a4 Rb8 24. Rd8+ Rxd8 25. Bxd8 Bc3 26. Kf1 Kf8 27. Bc6 Nd5 28. Bxd5 exd5 29. Ke2 Ke8 30. Kd3 Be5 31. Bg5 Kd7 32. b4 a6 33. b5 axb5 34. axb5 Kd6 35. Be3 h5 36. f4 Bf6 37. g4 Bd8 38. Ba7 hxg4 39. hxg4 Bf6 40. g5 Bb2 41. Kc2 Ba3 42. Kd2 Bc5 43. Bb8+ Ke6 44. Bc7 Kf5 45. Kd3 f6 46. gxf6 Kxf6 47. b6 Kf5 48. b7 Ba7 49. Kc3 d4+ 50. Kd3 g5 51. fxg5 Kxg5 52. Ke4 1/2-1/2

[Event "Yalta Yialos op"]
[Site "Yalta"]
[Date "2023.08.23"]
[Round "8"]
[White "Dovgal, German"]
[Black "Islamov, Kamil"]
[Result "0-1"]
[WhiteElo "1215"]
[BlackElo "1704"]
[PlyCount "132"]
[EventDate "2023.08.16"]
[EventType "swiss"]
[EventRounds "9"]
[EventCountry "UKR"]
[SourceTitle "EXT 2024"]
[Source "ChessBase"]
[SourceDate "2023.10.10"]
[SourceVersion "1"]
[SourceVersionDate "2023.10.10"]
[SourceQuality "1"]

1. e4 c5 2. Nf3 d6 3. c3 Nf6 4. Be2 g6 5. 0-0 Bg7 6. Re1 0-0 7. Bf1 Nc6 8. d4 cxd4 9. cxd4 Bg4 10. Nc3 Qb6 11. d5 Ne5 12. Be3 Qxb2 13. Na4 Qb4 14. Bd2 Bxf3 15. Bxb4 Bxd1 16. Raxd1 Rac8 17. f4 Nc4 18. e5 Ng4 19. exd6 exd6 20. Bxc4 Rxc4 21. Bxd6 Rxa4 22. Bxf8 Kxf8 23. d6 Bd4+ 24. Kf1 Ne3+ 25. Rxe3 Bxe3 26. d7 Bb6 27. d8Q+ Bxd8 28. Rxd8+ Ke7 29. Rb8 b6 30. Rb7+ Kf6 31. Ke2 Rxa2+ 32. Kf3 h5 33. h3 Ra5 34. g4 hxg4+ 35. hxg4 b5 36. Ke3 a6 37. g5+ Kg7 38. f5 gxf5 39. Kf4 Kg6 40. Rb6+ Kg7 41. Rb7 Ra1 42. Kxf5 Rc1 43. Rb6 Rc5+ 44. Ke4 a5 45. Kf4 a4 46. Rb7 a3 47. Ra7 Rc4+ 48. Ke3 Ra4 49. Rxa4 bxa4 50. Kd3 a2 51. Kc2 a1N+ 52. Kb1 Nb3 53. Kb2 Kg6 54. Ka3 Nc5 55. Kb4 Kxg5 56. Kxc5 a3 57. Kb4 a2 58. Kb3 a1Q 59. Kc2 Qd4 60. Kc1 f5 61. Kc2 f4 62. Kc1 f3 63. Kc2 f2 64. Kc1 f1R+ 65. Kc2 Rf2+ 66. Kc1 Qa1# 0-1

[Event "Yalta Yialos op"]
[Site "Yalta"]
[Date "2023.08.20"]
[Round "5"]
[White "Triapishko, Alexandr"]
[Black "Islamov, Kamil"]
[Result "1-0"]
[WhiteElo "2506"]
[BlackElo "1704"]
[PlyCount "77"]
[EventDate "2023.08.16"]
[EventType "swiss"]
[EventRounds "9"]
[EventCountry "UKR"]
[SourceTitle "EXT 2024"]
[Source "ChessBase"]
[SourceDate "2023.10.10"]
[SourceVersion "1"]
[SourceVersionDate "2023.10.10"]
[SourceQuality "1"]

1. Nf3 Nf6 2. d4 g6 3. Nbd2 d5 4. e3 Bg7 5. b4 a5 6. b5 0-0 7. c4 c6 8. a4 Nbd7 9. Bb2 Re8 10. Be2 Ne4 11. 0-0 Ndc5 12. Rb1 Nxd2 13. Nxd2 Ne4 14. bxc6 bxc6 15. cxd5 Nxd2 16. Qxd2 cxd5 17. Bb5 Bd7 18. Rfc1 Bxb5 19. axb5 e6 20. Ba3 Bf8 21. Bc5 Qb8 22. b6 Qb7 23. h4 h5 24. Ra1 a4 25. Qb4 a3 26. Bxf8 Rxf8 27. Rc7 Qb8 28. Qc5 Ra4 29. Qb5 Ra8 30. Rc3 a2 31. Rc2 Ra7 32. Raxa2 Rb7 33. Rc6 Kg7 34. g3 Rd8 35. Qc5 Rdd7 36. Kg2 Kf6 37. Rc2 Qd8 38. Rc8 Qe7 39. e4 1-0

[Event "Khanty-Mansiysk Governor Cup 16th"]
[Site "Khanty-Mansiysk"]
[Date "2020.12.04"]
[Round "5"]
[White "Islamov, Kamil"]
[Black "Rezvyi, Dmitri"]
[Result "0-1"]
[WhiteElo "1279"]
[BlackElo "1626"]
[PlyCount "56"]
[EventDate "2020.11.30"]
[EventType "swiss"]
[EventRounds "9"]
[EventCountry "RUS"]
[SourceTitle "CBM 199 Extra"]
[Source "ChessBase"]
[SourceDate "2021.01.31"]
[SourceVersion "1"]
[SourceVersionDate "2021.01.31"]
[SourceQuality "1"]

1. e4 e5 2. Nf3 Nc6 3. d4 exd4 4. Nxd4 Bc5 5. Nxc6 bxc6 6. Bd3 Qh4 7. 0-0 Nf6 8. Qf3 Ng4 9. Bf4 d6 10. h3 Ne5 11. Bxe5 dxe5 12. Nd2 0-0 13. Nc4 f6 14. Ne3 Be6 15. Nf5 Qg5 16. Qe2 Kh8 17. Bc4 Bxf5 18. exf5 Qxf5 19. Bd3 Qf4 20. Kh1 f5 21. Rad1 e4 22. Bc4 Bd6 23. g3 Qh6 24. Kh2 Rae8 25. f4 exf3 26. Qf2 f4 27. g4 Re2 28. Bxe2 fxe2 0-1

[Event "Khanty-Mansiysk Governor Cup 16th"]
[Site "Khanty-Mansiysk"]
[Date "2020.12.01"]
[Round "2"]
[White "Islamov, Kamil"]
[Black "Gordeev, Denis"]
[Result "1/2-1/2"]
[WhiteElo "1279"]
[BlackElo "1644"]
[PlyCount "67"]
[EventDate "2020.11.30"]
[EventType "swiss"]
[EventRounds "9"]
[EventCountry "RUS"]
[SourceTitle "CBM 199 Extra"]
[Source "ChessBase"]
[SourceDate "2021.01.31"]
[SourceVersion "1"]
[SourceVersionDate "2021.01.31"]
[SourceQuality "1"]

1. e4 e5 2. Nf3 Nc6 3. d4 exd4 4. Nxd4 Bc5 5. Nxc6 bxc6 6. Bd3 d6 7. Nc3 Qe7 8. 0-0 Nf6 9. Na4 Bb6 10. Nxb6 axb6 11. Bg5 Qe6 12. Qf3 Nd7 13. Qe3 0-0 14. f4 f6 15. Bh4 Ba6 16. Bg3 Bxd3 17. Qxd3 Nc5 18. Qc3 Nxe4 19. Qxc6 Nxg3 20. hxg3 Qe3+ 21. Kh2 Ra5 22. Qf3 Qe6 23. Rfe1 Qd7 24. a3 g6 25. Re2 Raa8 26. Rae1 Rae8 27. Re3 Rxe3 28. Qxe3 Kf7 29. Qb3+ Kg7 30. Qe3 Kf7 31. Qb3+ Kg7 32. Qe3 Kf7 33. Qb3+ Kg7 34. Qe3 1/2-1/2